Vista normal
Vista MARC
Entrada Personal Name
Número de registros utilizados en: 1
001 - CONTROL NUMBER
- control field: 12478
003 - CONTROL NUMBER IDENTIFIER
- control field: DLC
005 - DATE AND TIME OF LATEST TRANSACTION
- control field: 20220408103307.0
008 - FIXED-LENGTH DATA ELEMENTS
- fixed length control field: 800324n| acannaabn |a aaa
010 ## - LIBRARY OF CONGRESS CONTROL NUMBER
- LC control number: n 80005083
035 ## - SYSTEM CONTROL NUMBER
- System control number: (OCoLC)oca00387717
040 ## - CATALOGING SOURCE
- Original cataloging agency: DLC
- Language of cataloging: spa
- Transcribing agency: Mx-PuUPA
- Modifying agency: DLC
- Modifying agency: DLC
- Modifying agency: OCoLC
- Modifying agency: DLC
- Modifying agency: Mx-PuUPA
- Description conventions: rda
046 ## - SPECIAL CODED DATES
- Birth date: 18970520
- Source of date scheme: edtf
- Death date: 19831018
100 1# - HEADING--PERSONAL NAME
- Personal name: Abad de Santillán, Diego,
- Dates associated with a name: 1897-1983
370 ## - ASSOCIATED PLACE
- Place of birth: Reyero, España
- Place of death: Barcelona, España
372 ## - FIELD OF ACTIVITY
- Field of activity: Historia
- Field of activity: Movimiento anarcosindicalista en España y Argentina
373 ## - ASSOCIATED GROUP
- Associated group: Universidad Complutense de Madrid
374 ## - OCCUPATION
- Occupation: Autor
- Occupation: Escritor
- Occupation: Editor
375 ## - GENDER
- Gender: hombre
377 ## - ASSOCIATED LANGUAGE
- Language code: spa
400 1# - SEE FROM TRACING--PERSONAL NAME
- Personal name: García, Sinecio Baudillo
- Dates associated with a name: 1897-1983
400 1# - SEE FROM TRACING--PERSONAL NAME
- Personal name: Santillán, Diego Abad de
- Dates associated with a name: 1897-1983
400 1# - SEE FROM TRACING--PERSONAL NAME
- Personal name: De Santillán, Diego Abad
- Dates associated with a name: 1897-1983
670 ## - SOURCE DATA FOUND
- Source citation: Fabbri, L.
- Information found: Dictadura y revolucion ... 1923.
670 ## - SOURCE DATA FOUND
- Source citation: His Ricardo Flores Magón, 1986:
- Information found: t.p. (Diego Abad de Santillán) p. 9 (b. May 20, 1897 in Reyero, León Prov., Spain)